[Event "Prebor DDM 2007"]
[Site "?"]
[Date "2007.11.07"]
[Round "5"]
[White "Stvan, Marek"]
[Black "Kottek, Eduard"]
[Result "1/2-1/2"]
[WhiteElo "1597"]
[BlackElo "1880"]
[PlyCount "77"]
[EventDate "2007.??.??"]
[SourceDate "2007.11.07"]

1. e4 c5 2. Nf3 Nc6 3. d4 cxd4 4. Nxd4 Nf6 5. Nc3 e5 6. Nf3 Bb4 7. Bd2 O-O 8.
Bd3 d5 9. exd5 Bxc3 10. dxc6 Bxd2+ 11. Nxd2 bxc6 12. O-O Qc7 13. Ne4 Nd5 14.
Qh5 f5 15. Ng3 Nf6 16. Qe2 Nd5 17. Rfe1 e4 18. Bc4 Kh8 19. f3 exf3 20. Qxf3 Bb7
21. Bb3 f4 22. Ne2 h6 23. Nd4 Qb6 24. Qf2 Rf6 25. Re5 Ne3 26. Nf3 Qc7 27. Re6
Rff8 28. Re1 Bc8 29. Re4 Bb7 30. Re6 Bc8 31. Re4 Bf5 32. Rd4 c5 33. Rd2 c4 34.
Ba4 Rad8 35. c3 Ng4 36. Qe2 Bd3 37. Qe6 Ne3 38. Qe5 Qb6 39. Kh1 1/2-1/2

[Event "Prebor DDM 2007"]
[Site "?"]
[Date "2007.11.07"]
[Round "5"]
[White "Zuna, Zdenek"]
[Black "Hacaperka, Michal"]
[Result "0-1"]
[WhiteElo "1847"]
[BlackElo "1893"]
[PlyCount "68"]
[EventDate "2007.??.??"]
[SourceDate "2007.11.07"]

1. e4 c5 2. b4 cxb4 3. d4 d5 4. e5 Bf5 5. a3 Qc7 6. Bd3 Bxd3 7. Qxd3 e6 8. Bd2
Nc6 9. Nf3 bxa3 10. Nxa3 a6 11. O-O Bxa3 12. Rxa3 Nge7 13. Rb1 O-O 14. Ng5 Ng6
15. h4 Rfb8 16. Rc3 Qd7 17. h5 Nf8 18. Rb6 Nd8 19. Rcb3 h6 20. Nh3 Nh7 21. Qg3
Kh8 22. Bb4 Nc6 23. Bd6 Nxd4 24. Qg4 Nxb3 25. Bxb8 Rxb8 26. cxb3 Qc7 27. Rd6
Rd8 28. Qb4 Rc8 29. Nf4 Kg8 30. Rb6 a5 31. Qd4 Qc1+ 32. Kh2 Qc7 33. g3 Ng5 34.
Kg2 Ne4 0-1

[Event "Prebor DDM 2007"]
[Site "?"]
[Date "2007.11.07"]
[Round "5"]
[White "Sterba, Karel"]
[Black "Komzak, Roman"]
[Result "0-1"]
[WhiteElo "1813"]
[BlackElo "1783"]
[PlyCount "106"]
[EventDate "2007.??.??"]
[SourceDate "2007.11.07"]

1. e4 c5 2. Nf3 Nc6 3. d4 cxd4 4. Nxd4 Nf6 5. Nc3 d6 6. Be3 e6 7. Be2 Be7 8.
O-O O-O 9. Qd2 a6 10. f4 Qc7 11. Rad1 Bd7 12. f5 b5 13. a3 Rad8 14. fxe6 fxe6
15. Bf3 Ne5 16. Be2 Nc4 17. Bxc4 Qxc4 18. Qd3 Qxd3 19. cxd3 d5 20. exd5 Nxd5
21. Nxd5 exd5 22. Nf3 Bg4 23. Rc1 Bxf3 24. Rxf3 Rxf3 25. gxf3 Bf6 26. b3 Rd6
27. Rc7 Re6 28. Bf4 Bb2 29. a4 Rf6 30. Bc1 Bd4+ 31. Kg2 Rg6+ 32. Kh3 Rg1 33.
axb5 axb5 34. Rc2 Rd1 35. Bb2 Bxb2 36. Rxb2 Rxd3 37. Kg3 Kf7 38. Kf2 Kf6 39.
Ke2 Rc3 40. Rd2 Ke5 41. Rb2 g5 42. b4 Rc4 43. Ke3 d4+ 44. Ke2 Kf4 45. Kf2 Rc3
46. Rd2 Rxf3+ 47. Kg2 d3 48. h3 Re3 49. Rd1 Re2+ 50. Kf1 Ke3 51. h4 gxh4 52.
Ra1 Rf2+ 53. Kg1 d2 0-1

[Event "Prebor DDM 2007"]
[Site "?"]
[Date "2007.11.08"]
[Round "5"]
[White "Rylek, Milan"]
[Black "Kokstein, Vlastimil"]
[Result "1-0"]
[WhiteElo "1842"]
[BlackElo "1589"]
[PlyCount "115"]
[EventDate "2007.??.??"]
[SourceDate "2007.11.08"]

1. d4 d5 2. c4 dxc4 3. e3 Nf6 4. Bxc4 e6 5. Nf3 a6 6. O-O Bd6 7. Nc3 O-O 8. e4
Be7 9. e5 Nd5 10. Nxd5 exd5 11. Bd3 Bg4 12. h3 Be6 13. Qc2 g6 14. Bh6 Re8 15.
Rae1 Qd7 16. Ng5 Nc6 17. Nxe6 Qxe6 18. Be3 Nb4 19. Qb1 Nxd3 20. Qxd3 c6 21. f4
Qf5 22. Qxf5 gxf5 23. g4 Bh4 24. Re2 Re6 25. gxf5 Rh6 26. Rg2+ Kh8 27. Kh2 Be7
28. a3 b6 29. Rfg1 c5 30. f6 cxd4 31. fxe7 dxe3 32. Rd1 Re6 33. Rxd5 Rxe7 34.
Kg3 f6 35. Kf3 Rae8 36. Ke4 Rg8 37. Rxg8+ Kxg8 38. Kxe3 fxe5 39. fxe5 Kf7 40.
Ke4 Rc7 41. h4 a5 42. Kf5 Rc2 43. Rd7+ Kg8 44. e6 Rxb2 45. Kf6 Rf2+ 46. Ke7 Rf3
47. Kd8 Rf8+ 48. Kc7 Re8 49. Kd6 Kf8 50. Rxh7 Rd8+ 51. Ke5 b5 52. Kf6 Kg8 53.
Rg7+ Kh8 54. e7 Re8 55. Rg4 Rb8 56. Kf7 Rb7 57. Rg5 b4 58. Rh5# 1-0

[Event "Prebor DDM 2007"]
[Site "?"]
[Date "2007.11.08"]
[Round "5"]
[White "Raba, Milan"]
[Black "Smutny, Patrik"]
[Result "1/2-1/2"]
[WhiteElo "1371"]
[BlackElo "1374"]
[PlyCount "31"]
[EventDate "2007.??.??"]
[SourceDate "2007.11.08"]

1. d4 d5 2. c4 Nf6 3. Nf3 e6 4. Nc3 c5 5. e3 Nc6 6. cxd5 Nxd5 7. Nxd5 Qxd5 8.
Bb5 Bd7 9. O-O Bd6 10. dxc5 Qxd1 11. Rxd1 Bxc5 12. Bd2 Rd8 13. Bc3 O-O 14. Be2
a6 15. Ne5 Nxe5 16. Bxe5 1/2-1/2

[Event "Prebor DDM 2007"]
[Site "?"]
[Date "2007.11.08"]
[Round "5"]
[White "Spolc, Martin"]
[Black "Kapralek, Martin"]
[Result "0-1"]
[WhiteElo "1366"]
[BlackElo "1726"]
[PlyCount "58"]
[EventDate "2007.??.??"]
[SourceDate "2007.11.08"]

1. d4 d5 2. c4 c6 3. Nc3 Nf6 4. e3 e6 5. Nf3 Bb4 6. Bd2 Nbd7 7. a3 Bxc3 8. Bxc3
O-O 9. Be2 dxc4 10. Bxc4 Ne4 11. Qd3 Nxc3 12. bxc3 Re8 13. O-O Qf6 14. e4 e5
15. d5 cxd5 16. Qxd5 Nb6 17. Qc5 Nxc4 18. Qxc4 Be6 19. Qb4 b6 20. Rfd1 Rac8 21.
Rac1 Rc4 22. Qb5 Rec8 23. Nxe5 R4c5 24. Nd7 Rxb5 25. Nxf6+ gxf6 26. Rd3 Rb3 27.
Rg3+ Kf8 28. Rh3 Bxh3 29. gxh3 Rbxc3 0-1

[Event "Prebor DDM 2007"]
[Site "?"]
[Date "2007.11.08"]
[Round "5"]
[White "Spolc, Ondrej"]
[Black "Smutna, Eva"]
[Result "1-0"]
[WhiteElo "1294"]
[BlackElo "1371"]
[PlyCount "94"]
[EventDate "2007.??.??"]
[SourceDate "2007.11.08"]

1. e4 e5 2. Nf3 Nc6 3. c3 d6 4. d4 exd4 5. cxd4 Nf6 6. Nc3 Be7 7. Bb5 Bd7 8. d5
Ne5 9. Bxd7+ Nexd7 10. Bf4 O-O 11. O-O c6 12. Re1 cxd5 13. exd5 h6 14. Nb5 Qb6
15. Rxe7 Qxb5 16. Bxd6 Qxd5 17. Qxd5 Nxd5 18. Rxd7 Rfd8 19. Rxd8+ Rxd8 20. Be5
Nb4 21. h3 Nc6 22. Bc3 a6 23. Ne5 Nxe5 24. Bxe5 Re8 25. Bf4 Re4 26. g3 Re2 27.
Rb1 b5 28. Kg2 a5 29. Kf3 Rc2 30. Be5 Rc5 31. Bd6 Rd5 32. Bc7 a4 33. b3 axb3
34. axb3 Rc5 35. Bb6 Rc3+ 36. Kg2 Rc6 37. Be3 Kf8 38. Rc1 Rd6 39. Bc5 Ke7 40.
Bxd6+ Kxd6 41. Rc3 Kd5 42. Kf3 Kd4 43. Rc8 Kd5 44. Ke3 Ke5 45. Rc5+ Kd6 46.
Rxb5 Kc6 47. Rb8 Kc5 1-0

[Event "Prebor DDM 2007"]
[Site "?"]
[Date "2007.11.13"]
[Round "5"]
[White "Kalab, Jaromir"]
[Black "Kuhnl, Eduard"]
[Result "1/2-1/2"]
[WhiteElo "1733"]
[BlackElo "1720"]
[PlyCount "57"]
[EventDate "2007.??.??"]
[SourceDate "2007.11.14"]

1. e4 e6 2. d4 d5 3. Nc3 Bb4 4. exd5 exd5 5. Nf3 Nf6 6. Bg5 O-O 7. Be2 Bf5 8.
O-O c6 9. a3 Bd6 10. Nh4 Be6 11. Bd3 h6 12. Be3 Qc7 13. g3 Qd7 14. f3 Re8 15.
Qd2 Bf8 16. Ne2 Na6 17. b4 Nc7 18. Nf4 g5 19. Nxe6 Nxe6 20. Nf5 Bg7 21. h4 Nh7
22. Kg2 gxh4 23. gxh4 Kh8 24. Kh1 Qd8 25. Rg1 Qf6 26. Bxh6 Bxh6 27. Qxh6 Qxh6
28. Nxh6 Rf8 29. c3 1/2-1/2

[Event "Prebor DDM 2007"]
[Site "?"]
[Date "2007.11.14"]
[Round "6"]
[White "Zuna, Zdenek"]
[Black "Pokorny, Ondrej"]
[Result "0-1"]
[WhiteElo "1847"]
[BlackElo "1978"]
[PlyCount "26"]
[EventDate "2007.??.??"]
[SourceDate "2007.11.14"]

1. e4 e5 2. Nc3 Nc6 3. f4 exf4 4. Nf3 g5 5. h4 g4 6. Ng5 h6 7. Nxf7 Kxf7 8.
Qxg4 Nf6 9. Bc4+ d5 10. Bxd5+ Qxd5 11. exd5 Bxg4 12. dxc6 Re8+ 13. Kf1 Nh5 0-1

[Event "Prebor DDM 2007"]
[Site "?"]
[Date "2007.11.14"]
[Round "6"]
[White "Safranek, David"]
[Black "Schmidt, Karel"]
[Result "1-0"]
[WhiteElo "1700"]
[BlackElo "1790"]
[PlyCount "41"]
[EventDate "2007.??.??"]
[SourceDate "2007.11.14"]

1. e4 d5 2. exd5 Nf6 3. Bb5+ Bd7 4. Bc4 b5 5. Bb3 Bg4 6. f3 Bc8 7. Nc3 b4 8.
Ne4 Nxd5 9. Ne2 e6 10. O-O Be7 11. d4 O-O 12. c4 bxc3 13. bxc3 Ba6 14. c4 Nf6
15. Be3 Nc6 16. Qe1 Bb4 17. Qg3 Nh5 18. Qh3 Nf6 19. Bc2 g6 20. Bb3 e5 21. dxe5
1-0

[Event "Prebor DDM 2007"]
[Site "?"]
[Date "2007.11.14"]
[Round "6"]
[White "Kalabova, Jitka"]
[Black "Sterba, Karel"]
[Result "0-1"]
[WhiteElo "1359"]
[BlackElo "1813"]
[PlyCount "80"]
[EventDate "2007.??.??"]
[SourceDate "2007.11.14"]

1. e4 Nf6 2. Nc3 d5 3. exd5 Nxd5 4. Nxd5 Qxd5 5. d4 Nc6 6. Nf3 Bg4 7. Be2 O-O-O
8. Be3 e6 9. a3 h5 10. h3 Bf5 11. O-O f6 12. c4 Qd7 13. Rc1 g5 14. Nh2 Nxd4 15.
Bxh5 Bc2 16. Qxd4 Qxd4 17. Bxd4 Rxd4 18. Bf7 Bf5 19. g4 Be4 20. Bxe6+ Kb8 21.
c5 a5 22. Rfe1 Rxh3 23. f3 Bc6 24. Kg2 Rh8 25. Nf1 Rf4 26. Nd2 Bg7 27. Re4 Bxe4
28. Nxe4 Rd8 29. Rf1 Rd3 30. b3 a4 31. Bc4 Rd4 32. Be6 axb3 33. Bxb3 Rd3 34.
Bc4 Rxa3 35. Be2 Ra2 36. Nc3 Rc2 37. Ne4 Rxe2+ 38. Rf2 Rxf2+ 39. Nxf2 Bf8 40.
Nd3 Rd4 0-1

[Event "Prebor DDM 2007"]
[Site "?"]
[Date "2007.11.14"]
[Round "6"]
[White "Komzak, Roman"]
[Black "Kandrik, Antonin"]
[Result "0-1"]
[WhiteElo "1783"]
[BlackElo "1883"]
[PlyCount "104"]
[EventDate "2007.??.??"]
[SourceDate "2007.11.14"]

1. d4 Nf6 2. c4 g6 3. Nc3 Bg7 4. e4 d6 5. Nf3 O-O 6. Be2 e5 7. d5 Na6 8. Bg5 h6
9. Bh4 g5 10. Bg3 Nc5 11. Nd2 a5 12. O-O Bd7 13. h3 c6 14. Rc1 Rb8 15. a3 cxd5
16. cxd5 b5 17. b4 Na6 18. Qb3 a4 19. Qb1 Qb6 20. Qd3 Nc7 21. Kh1 Nh7 22. f3 f5
23. Bf2 Qb7 24. Qe3 Nf6 25. Qa7 Qxa7 26. Bxa7 Rb7 27. Bg1 Nh5 28. Kh2 Nf4 29.
Bd1 Rc8 30. Ne2 Ne8 31. Rxc8 Bxc8 32. Nxf4 exf4 33. Nb1 Rc7 34. Be2 Bd7 35. Rd1
fxe4 36. fxe4 Be5 37. Kh1 Nf6 38. Bd3 Nh5 39. Bb6 Ng3+ 40. Kg1 Rc8 41. Bf2 Kg7
42. Be1 h5 43. Bxg3 fxg3 44. Be2 h4 45. Kf1 Rf8+ 46. Kg1 Rf2 47. Rd2 Bf4 48.
Rc2 Kf6 49. Nc3 Be3 50. Kh1 Bxh3 51. Nd1 Bxg2+ 52. Kg1 Rxe2+ 0-1

[Event "Prebor DDM 2007"]
[Site "?"]
[Date "2007.11.14"]
[Round "6"]
[White "Kuhnl, Eduard"]
[Black "Stvan, Marek"]
[Result "1/2-1/2"]
[WhiteElo "1720"]
[BlackElo "1597"]
[PlyCount "118"]
[EventDate "2007.??.??"]
[SourceDate "2007.11.14"]

1. d4 d5 2. c4 c6 3. Nc3 Bf5 4. e3 Nf6 5. Bd3 Bxd3 6. Qxd3 dxc4 7. Qxc4 e6 8.
Nf3 Nd5 9. a3 Bd6 10. Bd2 O-O 11. O-O Nb6 12. Qe2 Qc7 13. Rac1 N8d7 14. Nb5 Qb8
15. Nxd6 Qxd6 16. Bb4 Qb8 17. Bxf8 Qxf8 18. Rfd1 Nd5 19. g3 N7f6 20. e4 Ne7 21.
e5 Nfd5 22. Nh4 a6 23. f4 g6 24. Ng2 Qd8 25. Ne3 Nxe3 26. Qxe3 Nd5 27. Qf3 Qb6
28. Rd2 Qa5 29. Rcd1 Qb6 30. g4 Ne7 31. Kh1 Qc7 32. f5 exf5 33. gxf5 Nxf5 34.
Re1 Qa5 35. b4 Qb6 36. Red1 Ne7 37. Qe4 Nd5 38. Rd3 Re8 39. Rf1 Qc7 40. Rdf3 f5
41. Qh4 Re6 42. Rg1 Qf7 43. Qh3 Ne7 44. Qf1 Kf8 45. a4 b5 46. axb5 axb5 47. Ra3
Nd5 48. Ra8+ Kg7 49. Qe1 Qe7 50. Qa1 Qxb4 51. Ra7+ Re7 52. Rxe7+ Qxe7 53. Qa6
Nb4 54. Qc8 Kf7 55. Rc1 Qe6 56. Qc7+ Kg8 57. Ra1 Qd5+ 58. Kg1 Qxd4+ 59. Kg2
Qxa1 1/2-1/2

[Event "Prebor DDM 2007"]
[Site "?"]
[Date "2007.11.14"]
[Round "6"]
[White "Kottek, Eduard"]
[Black "Spolc, Ondrej"]
[Result "1/2-1/2"]
[WhiteElo "1880"]
[BlackElo "1294"]
[PlyCount "86"]
[EventDate "2007.??.??"]
[SourceDate "2007.11.14"]

1. f4 d5 2. b3 Nc6 3. Nf3 Nf6 4. e3 Bg4 5. Bb2 e6 6. h3 Bh5 7. Bb5 Qd7 8. O-O
a6 9. Be2 O-O-O 10. d3 Bxf3 11. Bxf3 d4 12. e4 e5 13. fxe5 Nxe5 14. Nd2 Qc6 15.
Nc4 Qc5 16. a4 Qe7 17. Qd2 Nxc4 18. bxc4 Qb4 19. Qc1 Qc5 20. Ba3 Qe5 21. Qb2
Bxa3 22. Rxa3 h5 23. Rb1 b6 24. a5 Rd6 25. axb6 Rxb6 26. Rb3 Nd7 27. Qa3 Kb7
28. Qa4 Rd8 29. Ra1 Nc5 30. Qa5 Rdd6 31. Rb5 Rdc6 32. Qa3 Rxb5 33. cxb5 Rb6 34.
bxa6+ Rxa6 35. Qb2+ Rb6 36. Qa2 Ra6 37. Rb1+ Rb6 38. Rxb6+ Kxb6 39. Qxf7 Qg5
40. Qa2 Qe3+ 41. Kh1 Qc1+ 42. Kh2 Qf4+ 43. Kg1 Qc1+ 1/2-1/2

[Event "Prebor DDM 2007"]
[Site "?"]
[Date "2007.11.14"]
[Round "6"]
[White "Dlohos, Stepan"]
[Black "Spolc, Martin"]
[Result "1/2-1/2"]
[WhiteElo "1296"]
[BlackElo "1366"]
[PlyCount "115"]
[EventDate "2007.??.??"]
[SourceDate "2007.11.14"]

1. e4 e5 2. Nf3 Nc6 3. Bc4 Nf6 4. Nc3 Be7 5. d3 d6 6. h3 Bd7 7. Be3 Qc8 8. d4
exd4 9. Bxd4 Nxd4 10. Nxd4 Bc6 11. Nxc6 bxc6 12. Qd3 Qb7 13. O-O-O Rb8 14. b3
O-O 15. Rhe1 Rfd8 16. Qf3 d5 17. exd5 Bb4 18. dxc6 Qb6 19. Na4 Qa5 20. Rxd8+
Rxd8 21. Rd1 Re8 22. Kb2 Qe5+ 23. c3 Bd6 24. g4 Qg5 25. Qf5 Qxf5 26. gxf5 Re5
27. Bd3 Rd5 28. c4 Be5+ 29. Kc2 Rd6 30. f3 Rxc6 31. Be4 Rd6 32. Rxd6 Bxd6 33.
Kd3 Kf8 34. Nc3 Ke7 35. Nd5+ Nxd5 36. Bxd5 Kf6 37. Ke4 h6 38. a4 Bb4 39. Kf4
Bd6+ 40. Ke4 Bb4 41. Bb7 Kg5 42. f4+ Kf6 43. h4 h5 44. Bc8 a5 45. Kd5 Ke7 46.
Ke5 f6+ 47. Kd5 Kd8 48. Be6 Bd2 49. Bf7 Bxf4 50. Bxh5 Ke7 51. Kc6 Kd8 52. Kd5
Bg3 53. Ke6 Bxh4 54. Kf7 Kd7 55. Kxg7 Kd6 56. Kf7 Kc5 57. Ke7 Kb4 58. Bd1
1/2-1/2

[Event "Prebor DDM 2007"]
[Site "?"]
[Date "2007.11.14"]
[Round "6"]
[White "Rakous, Pavel"]
[Black "Kapralek, Martin"]
[Result "1-0"]
[WhiteElo "1954"]
[BlackElo "1726"]
[PlyCount "125"]
[EventDate "2007.??.??"]
[SourceDate "2007.11.14"]

1. Nf3 d5 2. c4 e6 3. g3 Nf6 4. b3 c5 5. Bg2 Nc6 6. O-O g6 7. e3 Bg7 8. d4 b6
9. Ba3 Nb4 10. Bxb4 cxb4 11. Qe1 Qe7 12. Ne5 Bb7 13. Nd2 O-O 14. Rc1 Rac8 15.
Bh3 Rfd8 16. f3 h5 17. Qf2 Nh7 18. f4 Nf6 19. Rfd1 Ne8 20. cxd5 Bxd5 21. Bg2
Nd6 22. Bxd5 exd5 23. Nc6 Rxc6 24. Rxc6 Nf5 25. Nf1 Re8 26. Rc2 Bf6 27. Rcd2
Qd7 28. Rd3 h4 29. g4 Nd6 30. g5 Bd8 31. Qxh4 Nf5 32. Qf2 Kg7 33. Ng3 Nh4 34.
Rf1 Rh8 35. Rd2 Qh3 36. e4 dxe4 37. Nxe4 Qg4+ 38. Ng3 Bc7 39. d5 Bd6 40. Kh1
Bc5 41. Qe2 Qh3 42. d6 Nf5 43. Nxf5+ gxf5 44. d7 Rd8 45. Rd3 Qh4 46. Qe5+ Kf8
47. g6 fxg6 48. Rg3 Rxd7 49. Rxg6 Re7 50. Qf6+ Qxf6 51. Rxf6+ Ke8 52. Rxf5 Re2
53. Re5+ Rxe5 54. fxe5 Bd4 55. Re1 Ke7 56. e6 Bf6 57. Kg2 b5 58. Re4 a5 59. Kf3
Bc3 60. Ke2 a4 61. Kd3 axb3 62. axb3 Bf6 63. Rxb4 1-0

[Event "Prebor DDM 2007"]
[Site "?"]
[Date "2007.11.15"]
[Round "6"]
[White "Smutna, Eva"]
[Black "Smutny, Patrik"]
[Result "1-0"]
[WhiteElo "1371"]
[BlackElo "1374"]
[PlyCount "129"]
[EventDate "2007.??.??"]
[SourceDate "2007.11.15"]

1. e4 e5 2. Nc3 d6 3. d3 h6 4. Nf3 Nf6 5. g3 Be6 6. Bg2 Nc6 7. O-O Qe7 8. Be3
Rd8 9. Nd5 Nxd5 10. exd5 Bxd5 11. c4 Be6 12. Qa4 Bd7 13. Rfd1 Nd4 14. Qxa7 Nc2
15. Rac1 Nxe3 16. Qxe3 Qe6 17. b3 Be7 18. d4 exd4 19. Qxe6 Bxe6 20. Rxd4 O-O
21. Re1 b6 22. Rde4 Rd7 23. R4e3 Re8 24. Nd4 Bg5 25. Bc6 Bxe3 26. Bxd7 Bxd7 27.
Rxe3 Rxe3 28. fxe3 c5 29. Nc2 Bf5 30. Na1 Bb1 31. a3 Ba2 32. Kf2 Kf8 33. Ke2
Ke7 34. Kd2 Bb1 35. Kc3 Ke6 36. b4 Ke5 37. Nb3 Ke4 38. Nd2+ Kxe3 39. Nxb1 Kf2
40. Nd2 Kg2 41. Ne4 Kxh2 42. Nxd6 f6 43. bxc5 bxc5 44. a4 h5 45. Nf5 g6 46. Ne3
Kxg3 47. a5 h4 48. a6 h3 49. a7 h2 50. Nf1+ Kg2 51. a8=Q+ Kxf1 52. Qh1+ Kf2 53.
Qxh2+ Kf3 54. Qd6 f5 55. Qxc5 f4 56. Qc6+ Kg3 57. Qxg6+ Kf3 58. c5 Ke3 59. c6
f3 60. Qg1+ f2 61. Qf1 Kf3 62. c7 Kg3 63. c8=R Kf3 64. Rf8+ Ke3 65. Qxf2+ 1-0

[Event "Prebor DDM 2007"]
[Site "?"]
[Date "2007.11.15"]
[Round "6"]
[White "Smutny, Norbert"]
[Black "Raba, Milan"]
[Result "0-1"]
[WhiteElo "1412"]
[BlackElo "1371"]
[PlyCount "52"]
[EventDate "2007.??.??"]
[SourceDate "2007.11.15"]

1. e4 Nf6 2. Nc3 d5 3. e5 d4 4. exf6 dxc3 5. fxg7 cxd2+ 6. Bxd2 Bxg7 7. c3 Bf5
8. Qf3 e6 9. Qxb7 Nd7 10. O-O-O Qb8 11. Qc6 Qc8 12. Ba6 Qd8 13. Bf4 e5 14. Bg3
Qg5+ 15. Rd2 O-O 16. Nf3 Qh6 17. Bb7 Qxc6 18. Bxc6 Rad8 19. Bh4 f6 20. Kd1 Bh6
21. Bd5+ Kh8 22. Re2 Nc5 23. c4 c6 24. b4 Ne4 25. Kc2 cxd5 26. Rd1 Nxf2+ 0-1

[Event "Prebor DDM 2007"]
[Site "?"]
[Date "2007.11.15"]
[Round "6"]
[White "Nemec, Jan"]
[Black "Rylek, Milan"]
[Result "1-0"]
[WhiteElo "1927"]
[BlackElo "1842"]
[PlyCount "93"]
[EventDate "2007.??.??"]
[SourceDate "2007.11.15"]

1. e4 c5 2. Nf3 d6 3. d4 cxd4 4. Nxd4 Nf6 5. Nc3 a6 6. Bg5 g6 7. Bxf6 exf6 8.
Bc4 Nc6 9. O-O Qb6 10. Nd5 Qd8 11. f4 Bg7 12. f5 Ne5 13. Bb3 g5 14. Nf3 O-O 15.
Nxe5 dxe5 16. Rf3 Bd7 17. Rd3 Bc6 18. c4 Kh8 19. Rc1 Qa5 20. Qd2 Qc5+ 21. Qf2
Qxf2+ 22. Kxf2 Rad8 23. g4 Rd6 24. Ke3 Rfd8 25. Rcd1 h6 26. c5 R6d7 27. Bc4 Bf8
28. b4 Kg7 29. Nb6 Rxd3+ 30. Rxd3 Rxd3+ 31. Kxd3 h5 32. h3 hxg4 33. hxg4 Be7
34. Bd5 Bb5+ 35. Ke3 a5 36. a3 axb4 37. axb4 Ba6 38. Bc4 Bxc4 39. Nxc4 Kf8 40.
Kd3 Bd8 41. Nd6 b6 42. Kc4 Ke7 43. Nc8+ Kd7 44. Nxb6+ Bxb6 45. cxb6 Kc6 46. b7
Kxb7 47. Kb5 1-0

[Event "Prebor DDM 2007"]
[Site "?"]
[Date "2007.11.15"]
[Round "6"]
[White "Hacaperka, Michal"]
[Black "Vlach, Karel"]
[Result "0-1"]
[WhiteElo "1893"]
[BlackElo "2004"]
[PlyCount "112"]
[EventDate "2007.??.??"]
[SourceDate "2007.11.15"]

1. e4 c5 2. Nf3 d6 3. d4 cxd4 4. Nxd4 Nf6 5. Nc3 a6 6. Be2 b5 7. Qd3 Nbd7 8. f3
Bb7 9. Be3 Rc8 10. O-O g6 11. Qd2 Bg7 12. Kh1 h5 13. Rad1 Ne5 14. Nb3 Qc7 15.
Rc1 Nfd7 16. Nd5 Bxd5 17. exd5 Nb6 18. Bd4 Nbc4 19. Qb4 Kf8 20. f4 Ng4 21.
Bxg7+ Kxg7 22. Bxg4 hxg4 23. Qc3+ f6 24. Nd4 Qb6 25. Rfe1 Rce8 26. b3 Na5 27.
Qd3 Rh5 28. g3 Qb7 29. Ne6+ Kf7 30. Rcd1 Qa7 31. Re2 Nb7 32. b4 Nd8 33. Qe3
Qxe3 34. Rxe3 Nxe6 35. dxe6+ Kg7 36. Rc3 Rhh8 37. Rdd3 Rc8 38. Kg2 f5 39. Rxc8
Rxc8 40. c3 Kf6 41. Re3 Rc4 42. Kf2 Re4 43. Rxe4 fxe4 44. Ke3 d5 45. Kd4 Kxe6
46. Ke3 Kd6 47. Kd4 Ke6 48. Ke3 Kf5 49. Kd4 e6 50. Ke3 g5 51. fxg5 Kxg5 52. Kd4
Kf6 53. Ke3 e5 54. c4 dxc4 55. Kxe4 Ke6 56. a3 Kd6 0-1

[Event "Prebor DDM 2007"]
[Site "?"]
[Date "2007.11.21"]
[Round "7"]
[White "Pokorny, Ondrej"]
[Black "Hacaperka, Michal"]
[Result "0-1"]
[WhiteElo "1978"]
[BlackElo "1893"]
[PlyCount "86"]
[EventDate "2007.??.??"]
[SourceDate "2007.11.22"]

1. e4 c5 2. Nf3 Nc6 3. d4 cxd4 4. Nxd4 Nf6 5. Nc3 e5 6. Ndb5 d6 7. Bg5 a6 8.
Na3 b5 9. Nd5 Be7 10. Bxf6 Bxf6 11. Nxf6+ gxf6 12. Qd2 Be6 13. O-O-O Ke7 14. f4
Bg4 15. Re1 b4 16. Nc4 Be6 17. Rd1 Bxc4 18. Bxc4 Qc7 19. Qd5 Rhf8 20. fxe5 Nxe5
21. Bb3 a5 22. Ba4 Rg8 23. Rhf1 Rac8 24. g3 Qc5 25. Qd2 Nc4 26. Qd4 Qxd4 27.
Rxd4 Ne5 28. Rfd1 Rgd8 29. R4d2 Nc4 30. Rf2 Ne3 31. Rd3 Ng4 32. Rf4 Ne5 33. Rd2
Rg8 34. Rdf2 Nd3+ 35. Kd2 Nxf2 36. Rxf2 Ke6 37. Bb3+ Ke7 38. Ke3 Rc5 39. Rf4
Rgg5 40. Bd5 f5 41. Kd4 fxe4 42. Rxf7+ Ke8 43. Bb3 a4 0-1

[Event "Prebor DDM 2007"]
[Site "?"]
[Date "2007.11.21"]
[Round "7"]
[White "Kapralek, Martin"]
[Black "Barta, Tomas"]
[Result "1-0"]
[WhiteElo "1726"]
[BlackElo "1430"]
[PlyCount "81"]
[EventDate "2007.??.??"]
[SourceDate "2007.11.22"]

1. e4 e5 2. Nc3 Nc6 3. Bc4 Nf6 4. f4 exf4 5. d4 Bb4 6. Qd3 Qe7 7. Bxf4 Qxe4+ 8.
Qxe4+ Nxe4 9. Nge2 d6 10. O-O Nf6 11. Bg5 Na5 12. Bb3 Nxb3 13. axb3 Bxc3 14.
Nxc3 c6 15. Bxf6 gxf6 16. Rxf6 d5 17. Na4 Be6 18. Nb6 Ke7 19. Nxa8 Rxa8 20.
Raf1 Rg8 21. R1f4 Rg6 22. Rxg6 fxg6 23. Kf2 Bf5 {=} 24. c3 Ke6 25. g4 Bc2 26.
b4 Ke7 27. Kg3 Be4 28. h4 h6 29. Rf2 a6 30. Kf4 Bd3 31. Ke5 Be4 32. Rf6 Bd3 33.
Re6+ Kf7 34. Kd6 Bb5 35. g5 h5 36. Re7+ Kf8 37. Rxb7 Kg8 38. Rxb5 cxb5 39. Kxd5
Kf7 40. Kc6 Ke7 41. d5 1-0

[Event "Prebor DDM 2007"]
[Site "?"]
[Date "2007.11.21"]
[Round "7"]
[White "Vlach, Karel"]
[Black "Nemec, Jan"]
[Result "1/2-1/2"]
[WhiteElo "2004"]
[BlackElo "1927"]
[PlyCount "143"]
[EventDate "2007.??.??"]
[SourceDate "2007.11.22"]

1. c4 e5 2. Nc3 Nf6 3. g3 Nc6 4. Bg2 Be7 5. Nf3 d6 6. d4 exd4 7. Nxd4 Nxd4 8.
Qxd4 O-O 9. O-O c6 10. b3 Be6 11. Bb2 Qc7 12. Rac1 Rfd8 13. Rfd1 a6 14. Ne4 d5
15. cxd5 Rxd5 16. Qc3 Rxd1+ 17. Rxd1 Rd8 18. Rxd8+ Qxd8 19. Qc2 Nxe4 20. Bxe4
h6 21. Qd3 Qxd3 22. Bxd3 Bh3 23. Bd4 c5 24. Be5 b5 25. f3 f6 26. Bc3 Be6 27.
Kf2 c4 28. bxc4 Bc5+ 29. e3 bxc4 30. Be4 Bb6 31. Ke2 Kf7 32. Kd2 f5 33. Bb7 a5
34. Bc6 g5 35. a4 Ke7 36. Bd4 Bxd4 37. exd4 Kd6 38. Bb5 f4 39. gxf4 gxf4 40.
Kc3 Bd5 41. Bxc4 Bxf3 42. Bf1 Bd1 43. Bb5 Kd5 44. Kd3 Bb3 45. Kc3 Ba2 46. Be8
Ke4 47. Kd2 Kxd4 48. Ke2 Bd5 49. Kf2 Kc3 50. h4 Kb4 51. h5 Kc4 52. Bb5+ Kd4 53.
Be8 Ke5 54. Bd7 Kf6 55. Ke2 Kg5 56. Be8 Bb3 57. Kf3 Bd1+ 58. Ke4 Bxh5 59. Bxh5
Kxh5 60. Kxf4 Kg6 61. Kg4 Kf6 62. Kh5 Ke5 63. Kxh6 Kd4 64. Kg5 Kc4 65. Kf4 Kb4
66. Ke3 Kxa4 67. Kd2 Kb3 68. Kc1 Ka2 69. Kc2 a4 70. Kc1 Kb3 71. Kb1 a3 72. Ka1
1/2-1/2

[Event "Prebor DDM 2007"]
[Site "?"]
[Date "2007.11.21"]
[Round "7"]
[White "Kandrik, Antonin"]
[Black "Rakous, Pavel"]
[Result "1-0"]
[WhiteElo "1883"]
[BlackElo "1954"]
[PlyCount "45"]
[EventDate "2007.??.??"]
[SourceDate "2007.11.22"]

1. e4 d6 2. d4 Nf6 3. Nc3 c6 4. f4 Qa5 5. Bd2 Qb6 6. Nf3 Bg4 7. Bd3 e5 8. Na4
Qc7 9. O-O exd4 10. e5 Nd5 11. Qe1 Be7 12. Nxd4 O-O 13. Qg3 Qd7 14. c4 c5 15.
Nb5 a6 16. cxd5 axb5 17. Nb6 Qd8 18. Nxa8 h5 19. a4 b4 20. a5 dxe5 21. Nb6 e4
22. Bxe4 Bh4 23. Qd3 1-0

[Event "Prebor DDM 2007"]
[Site "?"]
[Date "2007.11.21"]
[Round "7"]
[White "Fica, Alexander"]
[Black "Komzak, Roman"]
[Result "0-1"]
[WhiteElo "1801"]
[BlackElo "1783"]
[PlyCount "54"]
[EventDate "2007.??.??"]
[SourceDate "2007.11.22"]

1. d4 Nf6 2. c4 g6 3. Nc3 Bg7 4. e4 d6 5. f3 O-O 6. Be3 Nbd7 7. Bd3 c5 8. d5
Qa5 9. Nge2 Ne5 10. O-O Bd7 11. Rc1 a6 12. b3 b5 13. Qd2 b4 14. Nd1 Nxd3 15.
Qxd3 Qxa2 16. Nf2 Qa5 17. Ng3 Ra7 18. Qd2 Rfa8 19. Bh6 Bh8 20. f4 Qc7 21. f5 a5
22. fxg6 hxg6 23. Qg5 Nh7 24. Qf4 Be5 25. Qf3 a4 26. Ng4 Bxg4 27. Qxg4 Qd7 0-1

[Event "Prebor DDM 2007"]
[Site "?"]
[Date "2007.11.21"]
[Round "7"]
[White "Rylek, Milan"]
[Black "Kuhnl, Eduard"]
[Result "1-0"]
[WhiteElo "1842"]
[BlackElo "1720"]
[PlyCount "79"]
[EventDate "2007.??.??"]
[SourceDate "2007.11.22"]

1. d4 d5 2. c4 e6 3. e3 Nf6 4. Nf3 c6 5. a3 Nbd7 6. Nc3 Bd6 7. c5 Be7 8. b4 a6
9. Bd3 h6 10. O-O Qc7 11. e4 dxe4 12. Nxe4 Nxe4 13. Bxe4 Nf6 14. Bc2 Bd7 15.
Ne5 Rd8 16. Qf3 O-O 17. Bf4 Qc8 18. Qd3 Rfe8 19. Ng4 e5 20. Nxf6+ Bxf6 21. Qh7+
Kf8 22. dxe5 Bxe5 23. Bxe5 Rxe5 24. Qh8+ Ke7 25. Qxg7 Re6 26. Rae1 Rg8 27.
Rxe6+ Bxe6 28. Qe5 Qb8 29. Qe3 Qf8 30. Qe5 Qb8 31. Qe4 Rg4 32. f4 f5 33. Qe3
Kf7 34. Bd1 Rg8 35. Re1 Qc8 36. Bh5+ Kf6 37. Qe5+ Ke7 38. Qd6+ Kf6 39. Qe5+ Ke7
40. Qxf5 1-0